[Event "La Fere op"]
[Site "La Fere"]
[Date "2010.07.08"]
[Round "7"]
[White "Matschek, Norbert"]
[Black "Poulain, Andre"]
[Result "1/2-1/2"]
[WhiteElo "1736"]
[BlackElo "1815"]
[PlyCount "53"]
[EventDate "2010.07.03"]
[EventType "swiss"]
[EventRounds "9"]
[EventCountry "FRA"]
[SourceTitle "CBM 137 Extra"]
[Source "ChessBase"]
[SourceDate "2010.09.01"]
[SourceVersion "1"]
[SourceVersionDate "2010.09.01"]
[SourceQuality "1"]

1. e4 c5 2. Nc3 e6 3. Nge2 Nc6 4. d4 cxd4 5. Nxd4 Nf6 6. Nxc6 bxc6 7. Qd4 Be7 8. Bd3 Qc7 9. e5 Nd5 10. Nxd5 cxd5 11. 0-0 Bc5 12. Qf4 d6 13. Qg5 g6 14. Qf6 Rg8 15. exd6 Bxd6 16. Bb5+ Bd7 17. Bxd7+ Qxd7 18. Be3 Be7 19. Qc3 Rc8 20. Qb3 Bf6 21. c3 g5 22. Rad1 Qc7 23. Qa4+ Qd7 24. Qxa7 Qxa7 25. Bxa7 Ra8 26. Bd4 Bxd4 27. Rxd4 1/2-1/2

[Event "La Fere op"]
[Site "La Fere"]
[Date "2010.07.07"]
[Round "6"]
[White "Nesztler, Lambert"]
[Black "Matschek, Norbert"]
[Result "0-1"]
[WhiteElo "1210"]
[BlackElo "1736"]
[PlyCount "114"]
[EventDate "2010.07.03"]
[EventType "swiss"]
[EventRounds "9"]
[EventCountry "FRA"]
[SourceTitle "CBM 137 Extra"]
[Source "ChessBase"]
[SourceDate "2010.09.01"]
[SourceVersion "1"]
[SourceVersionDate "2010.09.01"]
[SourceQuality "1"]

1. e4 g6 2. d4 Bg7 3. Nf3 d6 4. Bc4 c6 5. 0-0 b5 6. Bb3 a5 7. c3 a4 8. Bc2 Nh6 9. h3 f5 10. e5 d5 11. Ng5 Nf7 12. Nxf7 Kxf7 13. Bg5 h6 14. Bf4 g5 15. Bh2 h5 16. Nd2 e6 17. Nf3 g4 18. Ng5+ Qxg5 19. f4 Qg6 20. h4 g3 21. Bxg3 Qxg3 22. Qf3 Qxh4 23. Qh3 Qxh3 24. gxh3 Bd7 25. Rf2 Na6 26. Rg2 Rhg8 27. Kh2 Bh6 28. Kh1 Rxg2 29. Kxg2 Bxf4 30. Rg1 Rg8+ 31. Kh1 Rxg1+ 32. Kxg1 Be8 33. Kg2 h4 34. Bd1 Kg7 35. Kf3 Bc1 36. b3 Bh5+ 37. Kf2 Bxd1 38. Ke1 Bc2 39. Kf2 axb3 40. axb3 Bxb3 41. Ke2 Bc2 42. Kf2 Bd2 43. Ke2 Bxc3 44. Ke3 Bb1 45. Ke2 Bxd4 46. Kd2 Bxe5 47. Ke3 c5 48. Kd2 c4 49. Kc1 Be4 50. Kd2 b4 51. Ke3 c3 52. Ke2 c2 53. Kd2 b3 54. Kc1 b2+ 55. Kd2 c1Q+ 56. Ke2 Qc2+ 57. Ke1 b1Q# 0-1

[Event "La Fere op"]
[Site "La Fere"]
[Date "2010.07.06"]
[Round "5"]
[White "Matschek, Norbert"]
[Black "Ben Porat, Zeev"]
[Result "0-1"]
[WhiteElo "1736"]
[BlackElo "1977"]
[PlyCount "47"]
[EventDate "2010.07.03"]
[EventType "swiss"]
[EventRounds "9"]
[EventCountry "FRA"]
[SourceTitle "CBM 137 Extra"]
[Source "ChessBase"]
[SourceDate "2010.09.01"]
[SourceVersion "1"]
[SourceVersionDate "2010.09.01"]
[SourceQuality "1"]

1. e4 c5 2. Nc3 Nc6 3. f4 g6 4. Nf3 Bg7 5. Bc4 e6 6. 0-0 Nge7 7. Bb3 0-0 8. d3 d5 9. exd5 exd5 10. Qe1 a6 11. a4 Qd6 12. Qh4 Nd4 13. Nxd4 Bxd4+ 14. Kh1 Bd7 15. g4 c4 16. Ba2 Bf6 17. h3 Bxc3 18. bxc3 d4 19. Kg1 Qd5 20. Qg3 b5 21. cxd4 Rfe8 22. Bb2 Nf5 23. gxf5 Re2 24. Rf2 0-1

[Event "La Fere op"]
[Site "La Fere"]
[Date "2010.07.05"]
[Round "3"]
[White "Matschek, Norbert"]
[Black "Biellmann, Patrick"]
[Result "1-0"]
[WhiteElo "1736"]
[BlackElo "1200"]
[PlyCount "89"]
[EventDate "2010.07.03"]
[EventType "swiss"]
[EventRounds "9"]
[EventCountry "FRA"]
[SourceTitle "CBM 137 Extra"]
[Source "ChessBase"]
[SourceDate "2010.09.01"]
[SourceVersion "1"]
[SourceVersionDate "2010.09.01"]
[SourceQuality "1"]

1. e4 e5 2. Bc4 Bc5 3. Nf3 d6 4. 0-0 Nf6 5. d3 0-0 6. Bg5 Nbd7 7. Nbd2 c6 8. Re1 Qb6 9. Qe2 h6 10. Bh4 Re8 11. Bb3 Qc7 12. Nf1 b5 13. Ne3 Bxe3 14. Qxe3 d5 15. h3 Bb7 16. g4 Qd6 17. g5 Nh5 18. Kh2 Nf4 19. Rg1 Re6 20. Rg4 h5 21. Rgg1 Nf8 22. Bg3 N8g6 23. Nh4 Nxh4 24. Bxh4 Rg6 25. a4 b4 26. Qf3 Qd7 27. exd5 cxd5 28. d4 Qd6 29. dxe5 Qxe5 30. Bg3 Qe4 31. Qxe4 dxe4 32. Bxf4 Kh7 33. Bxf7 Rc6 34. Bd5 Rxc2 35. Bxb7 Rxf2+ 36. Rg2 Rxg2+ 37. Kxg2 Re8 38. Re1 Rf8 39. Rxe4 Rf5 40. Rxb4 a5 41. Be4 g6 42. Rb7+ Kg8 43. Bxf5 gxf5 44. Bd6 h4 45. Kf3 1-0

[Event "Champagne Ardenne op 5th"]
[Site "Champagne Ardenne"]
[Date "2009.05.02"]
[Round "3"]
[White "Matschek, Norbert"]
[Black "Micottis, Dorian"]
[Result "1-0"]
[WhiteElo "1771"]
[BlackElo "1099"]
[PlyCount "41"]
[EventDate "2009.05.01"]
[EventType "swiss"]
[EventRounds "7"]
[EventCountry "FRA"]
[SourceTitle "EXT 2010"]
[Source "ChessBase"]
[SourceDate "2010.11.25"]
[SourceVersion "1"]
[SourceVersionDate "2010.11.25"]
[SourceQuality "1"]

1. e4 c5 2. f4 e6 3. Nf3 a6 4. d4 cxd4 5. Qxd4 Nc6 6. Qc4 b5 7. Qb3 Bb7 8. Be2 Qc7 9. c3 Bc5 10. Qd1 Nf6 11. e5 Nd5 12. Nd4 Nxd4 13. cxd4 Bb4+ 14. Bd2 Ne3 15. Qb3 Qc1+ 16. Kf2 Qxh1 17. Bxb4 Nxg2 18. Bf3 Rb8 19. Bxb7 Rxb7 20. Qf3 Rc7 21. Qa8+ 1-0

[Event "Metz op 24th"]
[Site "Metz"]
[Date "2006.04.22"]
[Round "1"]
[White "Bruned, Yvalin"]
[Black "Matschek, Norbert"]
[Result "1-0"]
[WhiteElo "2325"]
[BlackElo "1825"]
[PlyCount "93"]
[EventDate "2006.04.22"]
[EventType "swiss"]
[EventRounds "9"]
[EventCountry "FRA"]
[SourceTitle "EXT 2007"]
[Source "ChessBase"]
[SourceDate "2006.11.23"]
[SourceVersion "1"]
[SourceVersionDate "2006.11.23"]
[SourceQuality "1"]

1. e4 c5 2. Nf3 e6 3. d4 cxd4 4. Nxd4 a6 5. Bd3 Nf6 6. 0-0 Qb6 7. Nb3 Nc6 8. c4 Bd6 9. Be3 Qd8 10. f4 h5 11. h3 Bc7 12. Nc3 d5 13. e5 d4 14. Nxd4 Nxd4 15. exf6 Qxf6 16. Ne4 Qd8 17. Ng5 Bb6 18. Re1 g6 19. b4 Nf5 20. Bxf5 Qxd1 21. Raxd1 Bxe3+ 22. Rxe3 gxf5 23. Red3 Ke7 24. a4 b5 25. cxb5 axb5 26. a5 f6 27. Nf3 Ba6 28. Rd7+ Ke8 29. Rc7 Rd8 30. Rdc1 Rd7 31. R7c6 Bb7 32. Rxe6+ Kf7 33. Re3 Be4 34. Rec3 Rhd8 35. Rc7 Ke6 36. Rxd7 Rxd7 37. Kf2 Bxf3 38. gxf3 Rd2+ 39. Ke3 Ra2 40. Rc6+ Kd5 41. Rc5+ Kd6 42. Rxb5 Ra3+ 43. Kf2 h4 44. Rxf5 Ra2+ 45. Ke3 Rh2 46. a6 Kc7 47. Rb5 1-0